| 000 | 03675nam a22006615i 4500 | ||
|---|---|---|---|
| 999 |
_c27382 _d27382 |
||
| 001 | 978-3-540-68214-1 | ||
| 003 | DE-He213 | ||
| 005 | 20240716153441.0 | ||
| 006 | a|||||o|||| 00| 0 | ||
| 007 | cr nn 008mamaa | ||
| 008 | 100301s2008 gw | s |||| 0|eng d | ||
| 020 | _a9783540682141 | ||
| 024 | 7 |
_a10.1007/978-3-540-68214-1 _2doi |
|
| 040 | _cimu-kc | ||
| 050 | 4 | _aTA213-215 | |
| 072 | 7 |
_aTGB _2bicssc |
|
| 072 | 7 |
_aTEC046000 _2bisacsh |
|
| 072 | 7 |
_aTGB _2thema |
|
| 082 | 0 | 4 |
_a621.8 _223 |
| 100 | 1 |
_aNourbakhsh, Ahmad. _eauthor. _4aut _4http://id.loc.gov/vocabulary/relators/aut |
|
| 245 | 1 | 0 |
_aTurbopumps and Pumping Systems _h[electronic resource] / _cby Ahmad Nourbakhsh, André Jaumotte, Charles Hirsch, Hamideh B. Parizi. |
| 250 | _a1st ed. 2008. | ||
| 264 | 1 |
_aBerlin, Heidelberg : _bSpringer Berlin Heidelberg : _bImprint: Springer, _c2008. |
|
| 300 |
_aXXVI, 184 p. 157 illus. _bonline resource. |
||
| 336 |
_atext _btxt _2rdacontent |
||
| 337 |
_acomputer _bc _2rdamedia |
||
| 338 |
_aonline resource _bcr _2rdacarrier |
||
| 347 |
_atext file _bPDF _2rda |
||
| 505 | 0 | _aTurbopumps -- to Turbopumps -- Fundamental Concepts -- Similarity Laws -- Cavitation -- Axial and Radial Thrusts -- Pumping Systems -- Operational Properties of Characteristic Curves -- Pipeline Calculations -- Pump Performance in a Piping System -- Water Hammer -- Pump Stations. | |
| 520 | _aThis book covers most of the subjects that are requested by engineers, those who are directly involved in design and manufacturing the pumps to those who operate the pumps in industrial units. The authors have worked for many years teaching the subject, conducting research, and implementing pump and pump station designs in different academic institutions, industrial sectors, and consulting firms. Based on this extensive background, the material of the book is arranged to cover the most important topics, from basic theories to practical applications. This book can also serve as a useful textbook for students who are taking the courses in the area of turbopumps and hydraulic machineries. The book is divided into two major Parts. In Part I, Turbopumps, the basic information about pumps classification, definitions, principal of operation, and construction elements are presented. In Part II, Pumping Systems, the important parameters in pump operation, selection, pumping systems, and pump stations are discussed in details. | ||
| 650 | 0 | _aMachinery. | |
| 650 | 0 | _aChemistry, Technical. | |
| 650 | 0 | _aFluid mechanics. | |
| 650 | 0 | _aThermodynamics. | |
| 650 | 0 | _aHeat engineering. | |
| 650 | 0 | _aHeat transfer. | |
| 650 | 0 | _aMass transfer. | |
| 650 | 0 | _aEngineering design. | |
| 650 | 0 | _aManufactures. | |
| 650 | 1 | 4 | _aMachinery and Machine Elements. |
| 650 | 2 | 4 | _aIndustrial Chemistry. |
| 650 | 2 | 4 | _aEngineering Fluid Dynamics. |
| 650 | 2 | 4 | _aEngineering Thermodynamics, Heat and Mass Transfer. |
| 650 | 2 | 4 | _aEngineering Design. |
| 650 | 2 | 4 | _aMachines, Tools, Processes. |
| 700 | 1 |
_aJaumotte, André. _eauthor. _4aut _4http://id.loc.gov/vocabulary/relators/aut |
|
| 700 | 1 |
_aHirsch, Charles. _eauthor. _4aut _4http://id.loc.gov/vocabulary/relators/aut |
|
| 700 | 1 |
_aParizi, Hamideh B. _eauthor. _4aut _4http://id.loc.gov/vocabulary/relators/aut |
|
| 710 | 2 | _aSpringerLink (Online service) | |
| 773 | 0 | _tSpringer Nature eBook | |
| 776 | 0 | 8 |
_iPrinted edition: _z9783642064210 |
| 776 | 0 | 8 |
_iPrinted edition: _z9783540808442 |
| 776 | 0 | 8 |
_iPrinted edition: _z9783540251293 |
| 856 | 4 | 0 | _uhttps://doi.org/10.1007/978-3-540-68214-1 |
| 942 |
_2ddc _cEBK |
||